[Event "Dos Hermanas 10th"]
[Site "Dos Hermanas"]
[Date "1999.04.13"]
[Round "6"]
[White "Kortschnoj, Viktor Lvovich"]
[Black "Svidler, Peter"]
[Result "1/2-1/2"]
[WhiteElo "2673"]
[BlackElo "2713"]
[Annotator "Krasenkow,M"]
[PlyCount "48"]
[EventDate "1999.04.06"]
[EventType "tourn"]
[EventRounds "9"]
[EventCountry "ESP"]
[EventCategory "19"]
[SourceTitle "CBM 071"]
[Source "ChessBase"]
[SourceDate "1999.08.01"]
[SourceVersion "1"]
[SourceVersionDate "1999.08.01"]
[SourceQuality "1"]

1. d4 Nf6 2. c4 g6 3. Nc3 d5 4. cxd5 Nxd5 5. Bd2 {A rare system but deeply
analysed by Korchnoi.} Bg7 6. e4 Nb6 7. Be3 O-O 8. Be2 e5 (8... Nc6) (8... f5)
9. d5 c6 10. Qb3 $146 {[%cal Yb3b7,Yb3g8,Ya1d1,Ya2a5] White intends to press
on the q-side but first he develops his queen. The immediate} (10. a4 {yielded
Black counterplay after} cxd5 11. exd5 e4 $5 12. Bd4 (12. a5 Bxc3+ 13. bxc3
Nxd5) 12... Bxd4 13. Qxd4 Nc6 14. Qc5 Ne5 15. a5 Re8 $1 16. Qd4 (16. axb6 $4
axb6) 16... Nbd7 17. Nxe4 Nf6 18. Nf3 (18. Nc3 Bf5) 18... Nxf3+ 19. gxf3 Nxe4
20. fxe4 Qh4 21. Ra4 Bh3 {the white king is trapped in the centre} 22. Rg1 Rac8
$44 {1-0 Moskalenko,V-Pirrot,D/St.Ingbert op 1989 (32)}) 10... cxd5 11. exd5 e4
{Black must exploit White's delay in development, even at a price of material
concessions, otherwise he will be worse.} 12. Rd1 Na6 13. Nxe4 $6 {I don't
think it was wise to grab this pawn, losing time and opening the e-file for
the black rook.} (13. Nb5 Bd7 14. Nxa7 Na4) (13. a4 $5 {deserved serious
attention} Qe7 $1 {protecting the e4 pawn and planning 14...Qb4} (13... Qd6 14.
a5 Nd7 (14... Bxc3+ 15. Qxc3 Nxd5 16. Rxd5 Qxd5 17. Bh6 f6 18. Bc4 $18) 15.
Nxe4 Qb4+ 16. Qxb4 Nxb4 17. Kf1 $16 Bxb2 $140 18. Rb1 Ba3 19. Rb3 Nc2 20. Bh6
Re8 21. Bd3 Nb4 22. Bb1 $18) (13... Bxc3+ 14. Qxc3 (14. bxc3) 14... Nxa4 15.
Qd4 Qa5+ 16. Bd2 $18) (13... Bd7 14. a5 Bxc3+ 15. Qxc3 (15. bxc3 Ba4) 15... Na4
16. Qd2 $16) 14. a5 (14. d6 Qe6) 14... Nd7 15. d6 Qe5 16. Rd5 Qe6 17. Nh3 $1
Nac5 18. Qc4 {and White seems to have better prospects.}) 13... Bd7 14. Nc3 (
14. Bg5 f6) (14. Bb5 Bxb5 15. Qxb5 Re8 16. Nc3 Qh4 $44) 14... Rc8 {So, at a
price of a pawn Black has completed his development. Now 15...Bxc3+ 16.bxc3
Ba4 is threatened.} 15. Qa3 Na4 $6 {But this operation is dubious. I would
prefer} (15... Qh4 $1 16. Nf3 (16. Bxa6 bxa6 17. Nf3 Qc4) 16... Qb4 17. Qxb4
Nxb4 18. O-O Bxc3 19. bxc3 N4xd5 {and Black is OK}) 16. Nxa4 Qa5+ 17. Rd2 (17.
Kf1 $1 Qxa4 18. Qxa4 Bxa4 19. b3 Bd7 20. Bxa7 Rc2 21. a4 {and it is not easy
for Black to prove that his compensation is sufficient for two (not one!)
pawns, e.g.} Nc5 (21... Nb4 22. Nf3 Rc3 23. Bc4 Bxa4 24. bxa4 Rxc4 25. Bb6 $16)
22. Bc4 (22. Bxc5 Rxc5 23. Nf3 Rc3 {and Black's compensation should be
sufficient for surviving, e.g.} 24. Nd2 Bf5 25. g4 Bc2 26. Rc1 Bh6) 22... Rc8
23. Bxc5 (23. Nf3 Bxa4 24. Bxc5 Rxc5 25. bxa4 R5xc4 26. d6 Rc1 27. Ke2 R1c2+
$11) 23... Rxc5 24. d6 $18) {After the text move Black forces a draw.} 17...
Rc1+ 18. Bd1 Nb4 $1 19. Nc3 Qxa3 20. bxa3 Bxc3 21. axb4 Ba4 22. Ke2 Bb5+ (22...
Bxd2 $2 23. Bxa4) 23. Ke1 (23. Rd3 $2 Ra1) 23... Ba4 24. Ke2 Bb5+ 1/2-1/2

[Event "Biel GM"]
[Site "Biel"]
[Date "2001.07.25"]
[Round "3"]
[White "Pelletier, Yannick"]
[Black "Kortschnoj, Viktor Lvovich"]
[Result "1-0"]
[WhiteElo "2531"]
[BlackElo "2617"]
[Annotator "Pelletier,Y"]
[PlyCount "62"]
[EventDate "2001.07.23"]
[EventType "tourn"]
[EventRounds "10"]
[EventCountry "SUI"]
[EventCategory "16"]
[SourceTitle "CBM 085"]
[Source "ChessBase"]
[SourceDate "2001.11.13"]
[SourceVersion "1"]
[SourceVersionDate "2001.11.13"]
[SourceQuality "1"]

1. Nf3 Nf6 2. c4 b6 3. g3 Bb7 4. Bg2 e6 5. O-O Be7 6. Nc3 O-O 7. Re1 d5 8. cxd5
Nxd5 9. e4 Nxc3 10. bxc3 c5 11. d4 cxd4 12. cxd4 Na6 {[%csl Ra6]} (12... Nd7) (
{und} 12... Nc6 {sind die üblichen Fortsetzungen hier. Die Absicht Kortschnojs
ist klar: er möchte Rc8 und Nb4 ziehen, ohne dass ein lästiger d4-d5
Durchbruch erfolgt, wie es im Fall von 12...Nc6 geschehen kann. Trotzdem halte
ich den Textzug für zweifelhaft, da der Springer oft abseits stehen kann.}) 13.
Ne5 $6 ({Nach diesem ungenauen Zug erhält Schwarz die Möglichkeit, 12...Na6 zu
rechtfertigen, indem er den Vorstoss e5 vorbereitet. Die Alternativen} 13. h4
Rc8 14. a3) ({und} 13. Bb2 Rc8 14. a3 {stellen klare Verbesserungen dar.})
13... Rc8 14. a3 Bd6 $1 15. Bf4 ({Falls} 15. Qg4 $6 {kann Schwarz einfach} Bxe5
16. dxe5 {[%cal Ya6c5]} Kh8 $15 ({oder} 16... Qd4 $5 {ziehen})) 15... Qe7 $1 {
[%csl Yc5][%cal Gf7f6,Ge6e5] Nun wurde mir klar, dass Schwarz f6 gefolgt von
e5 beabsichtigt. Somit würde er das Feld c5 für seinen Na6 befreien und
kräftiges Figurenspiel erhalten. Den folgenden Zug spielte ich nach langem
Nachdenken ungern.} 16. Qb3 (16. Qa4 f6 $1 17. Nd3 e5 {xc5}) (16. Nd3 Bxa3) ({
Die Folgen von} 16. d5 {zog ich lange in Betracht, bis ich merkte, dass
Schwarz zu 16...g5 oder 16...f6 nicht gezwungen ist, sondern einfach} Rfd8 $1 {
antworten kann.}) 16... Rc7 ({Auch gut war} 16... Kh8 17. Nd3 Rfd8 $11) 17. Bf1
(17. Bh3 {ist unnütz, da nach} Rfc8 {das Opfer auf f7 nicht gut funktionniert:}
18. Nxf7 Kxf7 19. e5 Bxa3 20. Rxa3 Bd5 $15) 17... Rfc8 $6 ({Zwar steht Schwarz
nach dem Textzug nicht schlecht, aber wozu diese Komplikationen? Der Na6 steht
ungeschickt, sodass} 17... Nb8 {auf jeden Fall angebracht ist. Nach} 18. Nd3
Nc6 $1 {[%csl Rd4] würde Schwarz eine leichte Initiative behaupten.}) 18. Qa4
Nb8 19. Qxa7 g5 $1 ({Stärker als} 19... f6 20. Nd3 e5 21. dxe5 fxe5 22. Be3 Nd7
23. Qa4 $14) 20. Be3 Bxe4 $2 ({Viktor Kortschnoj verrechnete sich hier; er
übersah nämlich, dass das Feld d6 nach dem Abtausch auf e5 für meine Dame frei
wird. Sonst hätte sicher} 20... f6 $1 {vorgezogen. Am besten sollte Weiss dann
eine Figur opfern, da die Stellung, die nach 21.Nd3 erscheint, unangenehm ist:}
21. Ng4 (21. Nd3 Nd7 22. Qa4 Bxe4 $15 {[%csl Rd4][%cal Gc8c1] und die weissen
Figuren wirken unharmonisch.}) ({möglich ist vielleicht} 21. Qxb6 fxe5 22. Bxg5
Qxg5 23. Qxd6 Rc6 $1 (23... Nc6 24. Bh3 $1 {[%csl Rg8]}) 24. Qxe5 Qxe5 25. dxe5
Nd7 {, obwohl Schwarz die leicht besseren Perspektiven behalten sollte.}) 21...
h5 22. Nxf6+ Qxf6 23. Qxb6 {Diese Stellung kann als unklar bezeichnet werden.
Weiss besitzt drei Bauern für die geopferte Figur, und der schwarze König ist
etwas exponierter als sein Widerpart auf g1.}) 21. Qxb6 {(/\ Bxg5)} Bxe5 22.
dxe5 {Etwas Seltsames passierte nun: als Kortschnoj den Haken 23.Qd6 erkannte,
verbrauchte er all seine restlichen 20 Minuten, bis ihm nur noch 20 Sekunden
auf der Uhr blieben! Dazu kann seine Stellung auch als hoffnungslos bezeichnet
werden. In der Sicherheit, dass mein Gegner es physisch zur Kontrolle des 40.
Zuges schaffen würde, fing ich an, meinen Vorteil zu ruinieren.} Bf3 $138 (
22... Nd7 23. Qd6) 23. Qd6 h6 24. Rac1 $6 {Mein Freibauer steht auf der
a-Linie, also warum der Textzug?} (24. Rec1 $18) (24. a4 $18 {[%cal Ga4a8]})
24... Nc6 25. Qxe7 Rxe7 26. Bg2 $2 (26. Rc3 {[%cal Ge1c1,Gc1c8] hätte die
Sache immer noch leicht erledigt.}) 26... Bxg2 27. Kxg2 Ree8 28. Rc5 (28. f4 {
gab noch einige Gewinnchancen.}) 28... Ne7 29. Rec1 Ra8 30. R1c3 Nd5 31. Rb3
Nxe3+ $138 {Nach Ausführung dieses Zuges stellte Kortschnoj fest, dass er die
Zeit überschritten hatte.} ({Nach} 31... Nxe3+ 32. Rxe3 Re7 {[%cal Ge7a7,Ga8a3]
müsste sich Schwarz sehr anstrengen, um dieses Endspiel zu verlieren...}) 1-0

[Event "Koop Tjuchem"]
[Site "Groningen"]
[Date "1996.??.??"]
[Round "3"]
[White "Kortschnoj, Viktor Lvovich"]
[Black "Short, Nigel D"]
[Result "0-1"]
[WhiteElo "2635"]
[BlackElo "2695"]
[Annotator "Short,N"]
[PlyCount "76"]
[EventDate "1996.12.20"]
[EventType "tourn"]
[EventRounds "11"]
[EventCountry "NED"]
[EventCategory "16"]
[SourceTitle "CBM 057"]
[Source "ChessBase"]
[SourceDate "1997.04.01"]
[SourceVersion "1"]
[SourceVersionDate "1997.04.01"]
[SourceQuality "1"]

1. Nf3 c5 2. b3 d5 3. e3 (3. Bb2 $6 f6 $1 $15 {Petrosian-Fisher/Buenos Aires/
1971/0-1/}) 3... Nf6 4. Bb2 e6 5. c4 {according to Viktor my fith move is
astrategic error.} dxc4 {"You played like Kramnik" Viktor told me after the
game., ererring to an encounter iun Vienna, incidentally also won by black.
There was something about the way he said it, which made me think, that it was
not intended as acompliment. "You played a match for the World Championship,
so you should understand the postion better."} (5... Nc6 $142 {Kortschnoj}) (
5... Be7 $142 {Kortschnoj}) 6. bxc4 (6. Bxc4 $14 Be7 7. O-O O-O 8. Ne5 Nbd7 9.
f4 Nxe5 10. fxe5 Nd5 11. Nc3 Nxc3 12. Bxc3 {1-0 Smyslov,V-Huguet,B/Las Palmas
1972/MCD-r7 (24)}) 6... Be7 (6... Nc6 7. Be2 Be7 8. O-O O-O 9. Qc2 b6 10. a3
Bb7 11. Ng5 {0-1 Kortschnoj,V-Kramnik,V/Vienna Millenium 1996/CBM 55/
[Kortschnoj] (42)} (11. Nc3 Rc8 12. Ng5 h6 13. Nge4 $14)) 7. Be2 (7. Nc3 O-O 8.
Qc2 Nc6 9. a3 b6 10. Be2 Bb7 11. O-O Rc8 12. Rad1 Qc7 13. Ng5 g6 14. f4 Na5 15.
Nb5 Qb8 16. f5 {1-0 Tal,M-Kapengut,A/URS-chT Moscow 1972/MCD-ch (47)}) 7... O-O
$6 8. Qc2 $1 (8. O-O Nc6 9. d3 b6 10. Nbd2 Bb7 11. Qb3 Qc7 12. Rfd1 Rfd8 13.
Nf1 Ng4 14. Bc3 Bf6 15. Bxf6 Nxf6 16. Ng3 Ne5 17. Nxe5 Qxe5 18. Rdb1 Qg5 19.
Qc3 Ng4 {1/2-1/2 Taimanov,M-Pyda,Z/Copenhagen PC 1996/CBM 54}) 8... Nc6 9. a3
Re8 {A loss of tempo, but} (9... b6 10. Ng5 h6 11. Bxf6 hxg5 12. Bxe7 Qxe7 13.
h4 {looked quite annoying to me.}) 10. O-O b6 11. Nc3 Bb7 12. Ng5 h6 13. Nh3
Qd7 $1 {From here the queen will hold up the f5 push and support a b5 break.}
14. f4 Red8 15. d3 (15. Rad1 $2 Nd4 $1 $17 16. exd4 cxd4) 15... a6 $2 {An
elementaryBLUNDER..} 16. Rad1 $2 (16. Na4 $142 {white wins a pawn.} Qc7 17.
Bxf6 Bxf6 18. Rab1 $16) 16... Rab8 17. Nf2 Ba8 18. Nce4 Ne8 $1 19. d4 (19. Z0
f5 20. Z0 Bf6) 19... cxd4 20. exd4 Rbc8 21. d5 $6 {White shoukd be more
circumspect here. It was still possible to maintain the tension with} (21. Bc3)
(21. c5 {though} Qa7 {black stands well}) 21... Na5 (21... exd5 $2 22. Bg4) 22.
d6 $2 {It was objectively better to capture on e6} (22. dxe6 {although black
certainly retains the advantage.} Qxe6) 22... Bf8 $1 (22... Nxd6 23. Qc3 $1 {
looked too exciting to me} f6 24. Rxd6 Bxd6 25. Nxf6+ {witha huge attack.}) 23.
Bd4 Nxc4 $1 24. Bxc4 b5 25. Nc5 Qc6 26. Ng4 $6 (26. Nfe4 {was the last chance,
when black does not appear to have anything better than} bxc4 27. d7 Rxd7 28.
Nxd7 Qxe4 29. Qxe4 Bxe4 30. Nxf8 Kxf8 {although white is still struggling e.g.}
31. Bc3 Bd3 32. Rf2 Nc7 $17) 26... Rxd6 27. Ne5 Rxd4 $3 28. Bxe6 (28. Nxe6 Rxc4
29. Qf2 Bc5 30. Nd4 Rd8 $19) 28... Bxc5 (28... Qxe6 29. Nxe6 Rxc2 30. Nxd4
Rxg2+ 31. Kh1 {Appeared less convincing to e.}) 29. Bxf7+ Kf8 30. Kh1 Qe4 31.
Qxe4 {The last real trick was} (31. Qa2 Rxd1 32. Rxd1 Rd8 33. Ng6+ Qxg6 34.
Rxd8 Bxg2+ 35. Qxg2 Qb1+ {mating}) 31... Bxe4 32. Be6 Rcd8 33. f5 Nf6 (33...
Rxd1 $4 34. Ng6#) 34. Rc1 Bb6 35. Ng6+ Ke8 36. Rfe1 Ba5 37. Rg1 Rd2 38. Ne5 Bb6
{And Victor decided that enough was enough.} 0-1

[Event "EU-ch 2nd"]
[Site "Ohrid"]
[Date "2001.06.05"]
[Round "5"]
[White "Danchevski, Orce"]
[Black "Kortschnoj, Viktor Lvovich"]
[Result "1/2-1/2"]
[WhiteElo "2428"]
[BlackElo "2643"]
[Annotator "Kortschnoj"]
[PlyCount "99"]
[EventDate "2001.06.01"]
[EventType "swiss"]
[EventRounds "13"]
[EventCountry "YUG"]
[SourceTitle "CBM 084"]
[Source "ChessBase"]
[SourceDate "2001.09.13"]
[SourceVersion "1"]
[SourceVersionDate "2001.09.13"]
[SourceQuality "1"]

1. d4 g6 2. e4 Bg7 3. Nc3 d6 4. f4 Nf6 5. Nf3 c5 6. d5 O-O 7. Bd3 Qb6 {A
theoretical move here is 7...Na6. With his move black forces the opponent to
put his knight f3 to c4: the matters do not change much - white retains his
opening advantage.} (7... Na6) 8. Nd2 e6 9. Nc4 Qd8 10. Ne3 $1 {My opponent is
skillful in prophylactic - 10.0-0?! Ng4 would lead to unclear complications.} (
10. O-O Ng4) 10... exd5 11. exd5 Na6 {It was tempting to sacrifice an exchange.
} (11... Re8 12. O-O Rxe3 13. Bxe3 Ng4 {, but after} 14. Bf2 Nxf2 15. Kxf2 {
black had no compensation for it.}) 12. O-O Re8 13. Kh1 $6 {Too much of
prophilactics is also not good - after 13.Qf3 and then f4-f5 white had a clear
edge.} Bd7 14. Qf3 Nb4 $6 {Being scared of concentration of white pieces
against the black king, black makes up his mind to eliminate some of them.} ({
Meanwhile, to carry out a standard plan -} 14... Nc7 15. f5 (15. a4 a6 16. a5
Nb5) 15... b5 {would be sufficient for to maintain an approximate equilibrium.}
) 15. Bd2 (15. f5 $5) 15... Nxd3 16. cxd3 Bf5 {A desperate attempt to prevent
an assault along the f file. Still, it does not yield equality to black.} 17.
Nxf5 gxf5 18. h3 Qd7 19. Nd1 (19. Rg1 {was simple and strong. Now if} h5 {then}
({Or} 19... b5 20. g4 b4 21. gxf5 $1 {- black position is lost!}) 20. Be1 Qe7
21. Bf2 {followed by Rbe1 and Bh4.}) 19... b5 20. Bc3 $2 {White loses two
tempi and soon finds himself in a difficult position.} ({After} 20. Ne3 c4 21.
dxc4 ({But if} 21. g4 $1 {then black was forced to give up an exchange} fxg4
22. hxg4 Rxe3 23. Bxe3 Qxg4 (23... Nxg4 24. f5) 24. Bd4 {in both cases with
advantage to white.}) 21... Ne4 {black would obtain good counterplay.}) 20...
b4 21. Bd2 Qb5 22. Rc1 (22. g4 c4) 22... Kh8 23. g4 (23. Rc4 $5) 23... fxg4 {
Black is going to sacrifice a piece what looks very promising, but in fact
does not bring too much benefit to him. Another line would be more beneficial:}
(23... Qa6 $5 24. gxf5 Qxa2 25. Ne3 Rxe3 26. Bxe3 Qxd5) 24. hxg4 Nxg4 25. Qxg4
Qxd3 26. Rf2 $1 {Excellent! Not} (26. Qg2 $2 Re2 27. Rf2 Qxd2) (26. Rg1 $6 Rg8
{with many threats.}) 26... Qxd5+ 27. Qf3 Qxf3+ ({After} 27... Qxa2 {what I
was planning} 28. f5 {black would have problems to bring his queen back into
play.}) 28. Rxf3 Re2 29. Rd3 Rg8 {I was very proud of this move, but blunt Bd4
was hardly worse. The point of the move - 30.Rd6 Bd4 and white has to take on
d4.} 30. Ne3 (30. Rxd6 Bd4) (30. Be3 $5) 30... Bxb2 31. Re1 Rxe1+ 32. Bxe1 {
Black has already 4 pawns for a piece, but white has considerably activated
his pieces. It is black now who has to hold the position.} Re8 33. Bf2 $2 ({
After} 33. Bd2 $1 {I dare to say black's position was lost.}) 33... Bd4 34. Kg2
d5 35. Kf3 Bxe3 36. Rxe3 $2 {Losing move.} ({After} 36. Bxe3 $1 {with a threat
Rd2-c2:c5 black still had to demonstrate a great know-how in order to save the
game} d4 37. Bf2) 36... Rxe3+ 37. Kxe3 $19 a5 $6 {The move is based on some
miscalculation. It was not necessary to be Capablanca in order to realize
without any calculation that a move with a king into the centre - Kg7, can not
be bad in any case.} 38. Kd3 c4+ {Playing 37...a5 I was going to continue here
38...d4.} (38... d4 {And then I noticed a maneouvre Bf2-h4 e7 (which, by the
way, with the king on g7 could be prevented by f7-f6).} 39. Bh4 {[%cal Yh4e7,
Ye7c5]}) 39. Kd4 b3 40. axb3 cxb3 41. Kc3 (41. Kxd5 h5 42. Kc4 (42. Bd4+ Kh7
43. Ke4 a4 44. Bb2 Kg6 45. Bc1 f5+ 46. Kf3 Kf6 47. Kg2 Ke6 48. Kh3 Kd5 49. Kh4
Kc4 50. Kxh5 Kb4 $19) 42... a4 $1 $19) 41... a4 $4 ({After} 41... Kg7 42. Kxb3
Kg6 {black was winning easily...}) 42. Bd4+ Kg8 43. Kb4 {But now it is white
who is making a draw easily!} h5 44. Kxa4 h4 45. Kxb3 h3 46. Bg1 Kg7 47. Kc3
Kg6 48. Kd4 Kf5 49. Bh2 Kg4 50. f5 1/2-1/2

[Event "EU-ch 2nd"]
[Site "Ohrid"]
[Date "2001.06.02"]
[Round "2"]
[White "Kortschnoj, Viktor Lvovich"]
[Black "Chatalbashev, Boris"]
[Result "0-1"]
[WhiteElo "2643"]
[BlackElo "2518"]
[Annotator "Tsesarsky,I"]
[PlyCount "98"]
[EventDate "2001.06.01"]
[EventType "swiss"]
[EventRounds "13"]
[EventCountry "YUG"]
[SourceTitle "CBM 084"]
[Source "ChessBase"]
[SourceDate "2001.09.13"]
[SourceVersion "1"]
[SourceVersionDate "2001.09.13"]
[SourceQuality "1"]

1. d4 g6 2. e4 Bg7 3. c4 c5 4. d5 d6 5. f3 {V.Kortschnoj likes this move in
various opening variations...} (5. Nc3 {leads to various theoretical positions.
}) ({Flexible also} 5. Bd3 e6 6. Ne2 (6. Nc3 {[%cal Gg1f3]}) 6... Ne7 7. O-O
O-O 8. Nbc3 exd5 9. cxd5 a6 10. a4 Nd7 11. f4 (11. f3 {-position from our game!
}) 11... f5 12. exf5 Nxf5 $132 {0-1 Grobelny,A-Matlak,M/Zakopane 2000/CBM 78
ext (29)}) 5... e6 6. Nc3 exd5 7. cxd5 a6 8. a4 Ne7 {Here N doesn't obstruct P
f7-f5 promotion.} (8... Nf6 {-mainline}) 9. Bd3 ({On Ne7 stromg is} 9. h4 {
but not here, after f2-f3(?!)}) 9... Nd7 10. Nge2 O-O 11. O-O f5 $1 $132 {
Black had fulfilled his opening idea and equalized.} 12. Nf4 Ne5 13. Be2 Kh8
14. a5 b5 15. axb6 Qxb6 16. Kh1 fxe4 17. fxe4 {[%csl Re7]} Ng8 $1 18. Qc2 Nf6
19. Be3 {[%cal Gb2b4]} Qb7 20. Nd3 Nxd3 21. Bxd3 Qe7 $6 $14 {Allows to White
to get an advantage by elegant break.} (21... Ng4 22. Rxf8+ Bxf8 23. Bf4 Qe7
$132 {[%csl Ge5]}) 22. Bg5 $1 h6 (22... Bb7 23. Rf3 Rf7 24. Raf1 Raf8 25. Qa4
$14) 23. e5 $1 {Good break! White gets rid from weak e5 square and passive Pe4
and opens space for his pieces.} dxe5 24. Bxf6 Rxf6 25. Rxf6 Qxf6 26. Rf1 (26.
Bxg6 $144 $14) (26. Ne4 $143 $6 Qb6 27. Nxc5 Rb8 28. Bxg6 Qxb2 29. Qxb2 Rxb2
$132) 26... Bf5 $2 $16 {Positional mistake.} (26... Qd6 $142 27. Bxg6 $14) 27.
Bxf5 gxf5 28. Rxf5 Qg6 29. h4 $5 {Threatening Rf5-f8+. This move creates weak
black squares near the white K and requires White precise game.} (29. Rf8+ $4
Rxf8 30. Qxg6 Rf1#) ({In my opinion, in spirit of position is} 29. g3 $1 {
and White leaves with advantage without black squares weakening!}) 29... e4 {
Black decided to sacrifice P in order to open diagonal for his Bg7.} ({On} 
29... Qg3 {goes} 30. Qe4 $1 {[%csl Rg3][%cal Gf5f3] Threatening Rf2-f3} Rf8 $8
31. Rxf8+ Bxf8 32. Ne2 Qe1+ 33. Kh2 Qb4 34. Qxe5+ (34. Qxb4 $2 cxb4 $132) 34...
Bg7 35. Qe8+ Kh7 36. g3 Qxb2 37. Qe4+ Kh8 38. d6 Bf6 39. Kh3 $16 {[%csl Gd6]
[%cal Ge2f4]}) 30. Qxe4 Rg8 31. Rf4 Qh5 ({In the endgame after} 31... Qxe4 {
White has good chances to win:} 32. Nxe4 Rd8 (32... Bxb2 33. Nxc5 $16) 33. Rf5
c4 34. Nd2 Bxb2 35. Nxc4 $16) 32. Qf3 Qe5 33. Re4 Qb8 34. Qe2 ({Or} 34. Qf2 $1
$16 {[%csl Gf4,Gg3,Gh4]}) 34... Rf8 35. Re6 $2 {White ignores black squares
weakness, probably in time pressure.} (35. Re3 {Would keep an advantage.} Bd4
36. Re6 {[%csl Rh6][%cal Gd5d6]} Qf4 (36... Qg3 37. Rxh6+ Kg7 38. Rh5 {[%cal
Ge2e7]} (38. Qe7+ $2 Kxh6 39. Qxf8+ Bg7 40. Qe7 Be5 $8 41. Qg5+ $8 Qxg5 42.
hxg5+ Kxg5 $44) 38... Qg6 39. g4 (39. Rg5 $4 Qxg5 40. hxg5 Rh8+ $19)) 37. Qe4
$1 Qf1+ 38. Kh2 Qg1+ 39. Kh3 Qh1+ 40. Kg4 $16) 35... Qg3 36. Re4 $4 $19 {
Decisive mistake.} ({Equal position would be after} 36. Re3 Qxh4+ 37. Rh3 $11)
36... Rf2 37. Re8+ Bf8 38. Rxf8+ $8 Rxf8 39. Qxa6 (39. Kg1 Qxh4 $19) 39...
Qxh4+ 40. Kg1 Re8 41. Ne2 $8 Qe1+ 42. Kh2 Qh4+ (42... Rxe2 $19) 43. Kg1 Qe1+
44. Kh2 Rxe2 45. Qxh6+ Kg8 46. d6 Qd2 47. Qg6+ Kf8 48. Qf5+ Kg7 49. Qg4+ Kf6
0-1